[Event "Elektroprivreda Day Rapid"]
[Site "Niksic MNE"]
[Date "2008.08.21"]
[Round "1.4"]
[White "Blagojevic, Dr"]
[Black "Ivanisevic, I."]
[Result "1/2-1/2"]
[WhiteElo "2519"]
[BlackElo "2664"]
[PlyCount "95"]
[EventDate "2008.08.22"]
[SourceDate "1999.07.01"]

1. d4 Nf6 2. c4 e6 3. Nc3 Bb4 4. f3 c5 5. d5 Nh5 6. g3 d6 7. e4 f5 8. exf5 exd5
9. cxd5 Bxf5 10. Nge2 O-O 11. Bg2 c4 12. Nd4 Qe8+ 13. Qe2 Qxe2+ 14. Kxe2 Bd3+
15. Kd1 Na6 16. Ne6 Rf7 17. Be3 Nf6 18. f4 Nc7 19. Nxc7 Rxc7 20. Bh3 Bxc3 21.
bxc3 Be4 22. Re1 Bxd5 23. Bd4 Kf7 24. Kd2 b6 25. a4 Ne4+ 26. Kc2 Nc5 27. Bxc5
Rxc5 28. a5 bxa5 29. Rad1 Re8 30. Rxe8 Kxe8 31. Re1+ Kf7 32. Kd2 a4 33. Ke3 a3
34. Ra1 Ra5 35. Kd4 a2 36. Bf1 Kf6 37. g4 g5 38. f5 Bf7 39. Bg2 h6 40. Bf3 Ra3
41. Bc6 h5 42. h3 h4 43. Bb5 Ra5 44. Bc6 Rc5 45. Be4 Ra5 46. Bc6 Rc5 47. Bf3
Ra5 48. Bc6 1/2-1/2